• 首页
  • 本馆介绍
  • 公告通知
  • 最新文献
  • 馆藏检索
  • 电子资源
  • 读者荐购
  • 参考咨询
  • CALIS
  • 我的图书馆
  • 登录
  • 详细信息显示
  • 放入我的书架
  • 预约/预借图书
  • 作者相关作品
  • 分类相关作品
  • 丛书相关作品
  • 出版社相关作品

书目信息

  • 表格格式
  • 工作单格式
  • 卡片格式
题名:
股色股香
    
 
作者: 萧洪驰 , 胡野碧 著
分册:  
出版信息: 北京   团结出版社  2005.01
页数: 12, 435页
开本: 21cm
丛书名:
单 册:
中图分类: I247.5
科图分类:
主题词: 长篇小说--chang pian xiao shuo--中国--现代
电子资源:
ISBN: 7-80130-875-1
 
 
 
 
 
000 00937nam0 2200265 450
001 012007233688
005 20071010102156.18
010    @a7-80130-875-1@dCNY26.80
100    @a20070605d2005 km y0chiy0120 ea
101 0  @achi
102    @aCN@b110000
105    @ay z 000ay
200 1  @a股色股香@Agu se gu xiang@e一个投资银行家的欲望风景@f萧洪驰, 胡野碧著@Fxiao hong chi,hu ye bi zhu
210    @a北京@c团结出版社@d2005.01
215    @a12, 435页@d21cm
312    @a英文并列题名取自封面。
330    @a本书是两名"海归"投身金融、股市惊心动魄的真实故事。从西藏阿里的茫茫荒原到充满金钱诱惑的华尔街……
510 1  @aSex and stocks@zeng
517 1  @a一个投资银行家的欲望风景@Ayi ge tou zi yin hang jia de yu wang feng jing
606 0  @a长篇小说@Achang pian xiao shuo@y中国@z现代
690    @aI247.5@v4
701  0 @a萧洪驰@Axiao hong chi@4著
701  0 @a胡野碧@Ahu ye bi@4著
801  0 @aCN@c20071010
905    @dI247.5@eX309
    
    股色股香:一个投资银行家的欲望风景/萧洪驰, 胡野碧著.-北京:团结出版社,2005.01
    12, 435页;21cm
    
    
    ISBN 7-80130-875-1:CNY26.80
    本书是两名"海归"投身金融、股市惊心动魄的真实故事。从西藏阿里的茫茫荒原到充满金钱诱惑的华尔街……
●
相关链接 在E读中查询图书 在当当中查询图书 在豆瓣中查询图书


正题名:股色股香     索取号:I247.5/X309         预约/预借

序号 登录号 条形码 馆藏地/架位号 状态 备注
1 243311   202433116   文学库108/108文学库 38排4列2层/ [索取号:I247.5/X309] 在馆    
2 243312   202433125   文学库108/108文学库 38排4列2层/ [索取号:I247.5/X309] 在馆    
3 243313   202433134   文学库108/108文学库 38排4列2层/ [索取号:I247.5/X309] 在馆    
河南城建学院图书馆 欢迎您!
大连网信软件有限公司© 版权所有